000 00614nam a2200217 i 4500
001 C2-0233884
003 PPAK
005 20180727194536.0
008 010617s1982 ph a|||| ||||| | eng d
040 _aPPAK
_beng
_cPPAK
_erda
082 0 4 _a736.62
_223
090 0 0 _a736.62
_bPHI
_dKSF
245 0 0 _aPhilippine religious :
_bimagery inivory
264 1 _aManila :
_bThe Intramuros Administration ,
_c1982
300 _a75 pages :
_bcolour illustrations ;
_c22 cm
336 _2rdacontent
_atext
337 _2rdamedia
_aunmediated
338 _2rdacarrier
_avolume
650 1 0 _aIvory carving
942 _ddc
_cB
999 _c50287
_d50287